Statistics for Vocabulary Words With Three R's #2

Click here to take the quiz!

General Stats

  • This quiz has been taken 65 times
  • The average score is 10 of 20

Answer Stats

hintword% Correct
it tells you who is the fairest of them allmirror
89%
wave the white flagsurrender
88%
British equaivalent of attorneybarrister
73%
someone who creates businessesentrepreneur
73%
one who does tomorrow what they could do
today - but maybe not even then
procrastinator
73%
common item in a toolbox, or
a vodka-based cocktail
screwdriver
71%
Jesus's final miracle?resurrection
64%
extreme fearterror
61%
many children's first musical instrumentrecorder
59%
someone who cuts hairhairdresser
55%
one who entertains from a stageperformer
46%
owed money which should have
been paid earlier
arrears
43%
Larry Flynt and Hugh Hefner, for examplepornographer
34%
at celebrations, this goes off with a bangfirecracker
23%
one who systematically inquires and gathers factsresearcher
23%
Bronx cheerraspberry
20%
one who carries financial risk for an undertakingunderwriter
20%
military officer responsible for supplies,
laying out the camp, etc
quartermaster
16%
someone constantly pensive or scaredworrier
16%
remarkable; amazing; exceptionalextraordinary
9%

Score Distribution

Percentile by Number Answered

Percent of People with Each Score

Your Score History

You have not taken this quiz